[Event "Villa Clara Province-ch final"]
[Site "Santa Clara"]
[Date "2010.10.13"]
[Round "6"]
[White "Garcia Gomez, Ray"]
[Black "Otero Acosta, Diasmany"]
[Result "1/2-1/2"]
[WhiteElo "2334"]
[BlackElo "2417"]
[PlyCount "70"]
[EventDate "2010.10.06"]
[EventType "tourn"]
[EventRounds "11"]
[EventCountry "CUB"]
[EventCategory "2"]
[SourceTitle "EXT 2019"]
[Source "ChessBase"]
[SourceDate "2018.10.10"]
[SourceVersion "1"]
[SourceVersionDate "2018.10.10"]
[SourceQuality "1"]

1. d4 Nf6 2. Nf3 e6 3. c4 c5 4. Nc3 cxd4 5. Nxd4 a6 6. g3 d5 7. Bg2 dxc4 8. Qa4+ Nbd7 9. 0-0 Rb8 10. Bf4 e5 11. Bxe5 b5 12. Bxf6 Qxf6 13. Qd1 Bc5 14. Nc6 Rb6 15. Na5 0-0 16. Nd5 Qxb2 17. Nxb6 Nxb6 18. a4 Bg4 19. axb5 Bxe2 20. Qb1 c3 21. Ra2 Qxb5 22. Qxb5 Bxb5 23. Rc1 Rd8 24. Bf1 Rd2 25. Rxd2 cxd2 26. Rd1 Bb4 27. Bxb5 axb5 28. Nc6 Bc3 29. Kf1 Nc4 30. Ne7+ Kf8 31. Nd5 Bb2 32. Ke2 Bc1 33. Nc3 b4 34. Na2 Nb2 35. Nxb4 Nxd1 1/2-1/2

[Event "Villa Clara Province-ch final"]
[Site "Santa Clara"]
[Date "2010.10.07"]
[Round "2"]
[White "Garcia Gomez, Ray"]
[Black "Ruiz Sanchez, Orlen"]
[Result "1/2-1/2"]
[WhiteElo "2334"]
[BlackElo "2407"]
[PlyCount "70"]
[EventDate "2010.10.06"]
[EventType "tourn"]
[EventRounds "11"]
[EventCountry "CUB"]
[EventCategory "2"]
[SourceTitle "EXT 2019"]
[Source "ChessBase"]
[SourceDate "2018.10.10"]
[SourceVersion "1"]
[SourceVersionDate "2018.10.10"]
[SourceQuality "1"]

1. e4 c5 2. c3 d5 3. exd5 Qxd5 4. d4 cxd4 5. cxd4 Nc6 6. Nf3 Bg4 7. Be2 e6 8. Nc3 Qd6 9. Be3 Nf6 10. 0-0 Be7 11. a3 0-0 12. Qa4 a6 13. b4 Rfd8 14. Rfd1 b5 15. Qb3 Rac8 16. Rac1 Rd7 17. h3 Bh5 18. g3 Nd5 19. Nxd5 exd5 20. g4 Bg6 21. Ne5 Rdc7 22. Nxg6 hxg6 23. Rc5 Qe6 24. Qxd5 Bxc5 25. Qxe6 fxe6 26. dxc5 Rd8 27. Rc1 Nd4 28. Bf1 Kf7 29. Bf4 e5 30. Bg3 g5 31. a4 bxa4 32. Ra1 a5 33. bxa5 Rxc5 34. Rxa4 Nf3+ 35. Kg2 Nh4+ 1/2-1/2

[Event "Villa Clara Province-ch sf"]
[Site "Santa Clara"]
[Date "2010.09.22"]
[Round "6"]
[White "Miranda Mesa, Elier"]
[Black "Garcia Gomez, Ray"]
[Result "1/2-1/2"]
[WhiteElo "2311"]
[BlackElo "2334"]
[PlyCount "40"]
[EventDate "2010.09.16"]
[EventType "swiss"]
[EventRounds "9"]
[EventCountry "CUB"]
[SourceTitle "EXT 2019"]
[Source "ChessBase"]
[SourceDate "2018.10.10"]
[SourceVersion "1"]
[SourceVersionDate "2018.10.10"]
[SourceQuality "1"]

1. e4 c5 2. Nf3 Nc6 3. d4 cxd4 4. Nxd4 e5 5. Nb5 d6 6. N1c3 a6 7. Na3 b5 8. Nd5 Nge7 9. c4 Nxd5 10. cxd5 Nd4 11. Be3 g6 12. Bxd4 exd4 13. Qxd4 Qa5+ 14. Qd2 Qxd2+ 15. Kxd2 Bg7 16. Rb1 f5 17. Bd3 0-0 18. f3 fxe4 19. Bxe4 Bf5 20. Rhe1 Rae8 1/2-1/2

[Event "Villa Clara Province-ch sf"]
[Site "Santa Clara"]
[Date "2010.09.20"]
[Round "4"]
[White "Garcia Matos, Richard Alejandro"]
[Black "Garcia Gomez, Ray"]
[Result "0-1"]
[WhiteElo "2219"]
[BlackElo "2334"]
[PlyCount "52"]
[EventDate "2010.09.16"]
[EventType "swiss"]
[EventRounds "9"]
[EventCountry "CUB"]
[SourceTitle "EXT 2019"]
[Source "ChessBase"]
[SourceDate "2018.10.10"]
[SourceVersion "1"]
[SourceVersionDate "2018.10.10"]
[SourceQuality "1"]

1. Nf3 d5 2. d4 Nf6 3. c4 c6 4. e3 e6 5. Nc3 Nbd7 6. Bd3 dxc4 7. Bxc4 Bd6 8. 0-0 0-0 9. e4 e5 10. Bg5 Qe7 11. Re1 Rd8 12. d5 h6 13. Bh4 Nf8 14. dxc6 bxc6 15. Qc2 Ng6 16. Bg3 Nh5 17. a3 Nhf4 18. b4 Bg4 19. Nd2 h5 20. Rec1 h4 21. Bxf4 Nxf4 22. Bf1 a5 23. bxa5 Qg5 24. Kh1 Bc5 25. Nb3 Bd4 26. Rab1 Bf3 0-1

[Event "Santa Clara Provincial-ch Etapa 1"]
[Site "Santa Clara"]
[Date "2009.11.12"]
[Round "10"]
[White "Alvarez Miranda, Jose Antonio"]
[Black "Garcia Gomez, Ray"]
[Result "1/2-1/2"]
[WhiteElo "2052"]
[BlackElo "2303"]
[PlyCount "80"]
[EventDate "2009.10.22"]
[EventType "tourn"]
[EventRounds "11"]
[EventCountry "CUB"]
[SourceTitle "EXT 2011"]
[Source "ChessBase"]
[SourceDate "2010.11.26"]
[SourceVersion "1"]
[SourceVersionDate "2010.11.26"]
[SourceQuality "1"]

1. e4 c5 2. Nf3 e6 3. d4 cxd4 4. Nxd4 Nc6 5. Nb5 d6 6. Bf4 e5 7. Be3 Nf6 8. Bg5 a6 9. Bxf6 gxf6 10. N5c3 f5 11. Bd3 f4 12. Nd5 Bg7 13. Nbc3 0-0 14. Qh5 Nd4 15. Ne2 Nxe2 16. Bxe2 Qa5+ 17. c3 Be6 18. Bc4 Qd8 19. g4 b5 20. Bb3 a5 21. g5 a4 22. Rg1 Kh8 23. Bc2 Rg8 24. 0-0-0 Bf8 25. h4 Rg7 26. Qe2 a3 27. Bb3 Qa5 28. h5 axb2+ 29. Kb1 Rc8 30. g6 fxg6 31. hxg6 Bxd5 32. Bxd5 Qxc3 33. Qxb2 Qxb2+ 34. Kxb2 Rxg6 35. Rxg6 hxg6 36. Rg1 Kg7 37. Be6 Rc5 38. Bf5 Kf7 39. Rxg6 d5 40. exd5 Rxd5 1/2-1/2

[Event "Santa Clara Salado Cup-A"]
[Site "Santa Clara"]
[Date "2003.02.11"]
[Round "12"]
[White "Corrales Jimenez, Fidel"]
[Black "Garcia Gomez, Ray"]
[Result "1/2-1/2"]
[WhiteElo "2245"]
[BlackElo "2198"]
[PlyCount "114"]
[EventDate "2003.02.03"]
[EventType "tourn"]
[EventRounds "13"]
[EventCountry "CUB"]
[EventCategory "1"]
[SourceTitle "EXT 2004"]
[Source "ChessBase"]
[SourceDate "2003.11.25"]
[SourceVersion "1"]
[SourceVersionDate "2003.11.25"]
[SourceQuality "1"]

1. e4 c5 2. Nf3 Nc6 3. d4 cxd4 4. Nxd4 Nf6 5. Nc3 e5 6. Ndb5 d6 7. Bg5 a6 8. Na3 b5 9. Bxf6 gxf6 10. Nd5 Bg7 11. c3 f5 12. exf5 Bxf5 13. Nc2 0-0 14. Nce3 Bd7 15. Bd3 f5 16. Bc2 e4 17. Nf4 Be5 18. g3 b4 19. 0-0 Kh8 20. Ned5 bxc3 21. bxc3 Ne7 22. Rb1 Nxd5 23. Nxd5 Bb5 24. Re1 Ra7 25. Ba4 Bd3 26. Bc2 Bb5 27. Ba4 Rg7 28. Bxb5 axb5 29. Kh1 Rfg8 30. Qe2 Qd7 31. f4 exf3 32. Qxf3 Qf7 33. Rg1 Rg5 34. Rxb5 Qg7 35. a4 Qh6 36. Ne7 Bxg3 37. Qe2 Bxh2 38. Rxg5 Qxg5 39. Rb1 Re8 40. Qxh2 Qxe7 41. Qf4 Qg7 42. Qd4 Qxd4 43. cxd4 Kg7 44. a5 Kf6 45. Rb6 Ke6 46. Kg2 Kd5 47. Kf3 Re4 48. Rb4 Re7 49. Kf4 Ra7 50. Ra4 Kc6 51. Kxf5 Kb5 52. Ra1 Rxa5 53. Rc1 Ra4 54. Ke4 Rc4 55. Rh1 Kc6 56. Rxh7 Rc1 57. d5+ Kb6 1/2-1/2

[Event "Santa Clara Salado Cup-A"]
[Site "Santa Clara"]
[Date "2003.02.10"]
[Round "10"]
[White "Martinez Duany, Lelys Stanley"]
[Black "Garcia Gomez, Ray"]
[Result "1-0"]
[WhiteElo "2282"]
[BlackElo "2198"]
[PlyCount "67"]
[EventDate "2003.02.03"]
[EventType "tourn"]
[EventRounds "13"]
[EventCountry "CUB"]
[EventCategory "1"]
[SourceTitle "EXT 2004"]
[Source "ChessBase"]
[SourceDate "2003.11.25"]
[SourceVersion "1"]
[SourceVersionDate "2003.11.25"]
[SourceQuality "1"]

1. e4 c5 2. Nf3 Nc6 3. Nc3 e6 4. d4 cxd4 5. Nxd4 Nf6 6. Nxc6 bxc6 7. e5 Nd5 8. Ne4 Qc7 9. f4 Qb6 10. c4 Bb4+ 11. Ke2 Ba6 12. Kf3 f5 13. Nf2 Ne7 14. Be3 Bc5 15. Bxc5 Qxc5 16. Qd6 Qxd6 17. exd6 Ng6 18. c5 Bxf1 19. Rhxf1 e5 20. fxe5 Nxe5+ 21. Kf4 Ng6+ 22. Kg5 0-0 23. Nd3 Rae8 24. Rae1 Re4 25. Rxf5 Rxf5+ 26. Kxf5 Rd4 27. Re3 Nh4+ 28. Ke5 Rd5+ 29. Ke4 Nxg2 30. Rh3 h6 31. b4 Kf7 32. Rf3+ Kg8 33. Ne5 Ne1 34. Rc3 1-0

[Event "Santa Clara Salado Cup-A"]
[Site "Santa Clara"]
[Date "2003.02.09"]
[Round "9"]
[White "Garcia Gomez, Ray"]
[Black "Marrero Lopez, Yaniet"]
[Result "1/2-1/2"]
[WhiteElo "2198"]
[BlackElo "2226"]
[PlyCount "110"]
[EventDate "2003.02.03"]
[EventType "tourn"]
[EventRounds "13"]
[EventCountry "CUB"]
[EventCategory "1"]
[SourceTitle "EXT 2004"]
[Source "ChessBase"]
[SourceDate "2003.11.25"]
[SourceVersion "1"]
[SourceVersionDate "2003.11.25"]
[SourceQuality "1"]

1. e4 e5 2. Nf3 Nc6 3. Bc4 Nf6 4. d3 Be7 5. 0-0 0-0 6. Re1 d6 7. a4 Be6 8. Nbd2 Qd7 9. a5 a6 10. Nf1 h6 11. c3 Nh7 12. Ne3 Ng5 13. Nxg5 Bxg5 14. Qb3 Rab8 15. Nc2 Bxc1 16. Rexc1 Ne7 17. Ne3 c6 18. Bxe6 Qxe6 19. Qxe6 fxe6 20. b4 Ng6 21. g3 Kf7 22. c4 Ke7 23. Rd1 Rbc8 24. Rab1 Kd7 25. Rb2 Kc7 26. Kg2 Ne7 27. d4 exd4 28. Rxd4 c5 29. bxc5 dxc5 30. Rd3 Nc6 31. f4 Rcd8 32. Ra3 Rd4 33. e5 g6 34. h3 Rfd8 35. Kf3 Rd3 36. Rxd3 Rxd3 37. Ra2 Nb4 38. Re2 Ra3 39. g4 Nc6 40. Ke4 Nxa5 41. f5 gxf5+ 42. gxf5 exf5+ 43. Kxf5 b5 44. Nd5+ Kb7 45. cxb5 axb5 46. e6 Nc6 47. e7 Nxe7+ 48. Rxe7+ Kc6 49. Ke5 b4 50. Re6+ Kb5 51. Rxh6 b3 52. Rb6+ Kc4 53. h4 Ra1 54. Ne3+ Kc3 55. Nd5+ Kc4 1/2-1/2

[Event "Santa Clara Salado Cup-A"]
[Site "Santa Clara"]
[Date "2003.02.07"]
[Round "7"]
[White "Garcia Gomez, Ray"]
[Black "Gonzalez Mena, Jorge"]
[Result "1-0"]
[WhiteElo "2198"]
[BlackElo "2251"]
[PlyCount "109"]
[EventDate "2003.02.03"]
[EventType "tourn"]
[EventRounds "13"]
[EventCountry "CUB"]
[EventCategory "1"]
[SourceTitle "EXT 2004"]
[Source "ChessBase"]
[SourceDate "2003.11.25"]
[SourceVersion "1"]
[SourceVersionDate "2003.11.25"]
[SourceQuality "1"]

1. e4 e5 2. Nf3 Nc6 3. Bb5 a6 4. Ba4 Nf6 5. d4 exd4 6. 0-0 Be7 7. e5 Ne4 8. Nxd4 Nxd4 9. Qxd4 Nc5 10. Nc3 Nxa4 11. Qxa4 0-0 12. Bf4 Kh8 13. Nd5 b5 14. Qa5 c6 15. Qxd8 Bxd8 16. Nc3 d5 17. exd6 Bf5 18. Rac1 Bf6 19. Nd1 g5 20. Bg3 Rfe8 21. Ne3 Be6 22. b3 Bg7 23. Rcd1 Rad8 24. f4 c5 25. f5 Bc8 26. f6 Rxe3 27. fxg7+ Kxg7 28. Rd5 f5 29. Rxc5 Kf6 30. Rd1 Re6 31. Rdd5 Re2 32. Kf1 Re4 33. Rxc8 Rxc8 34. d7 Rd8 35. Bc7 Ke7 36. Bxd8+ Kxd8 37. Rxf5 g4 38. Rd5 b4 39. Kf2 h6 40. Rd6 h5 41. Rxa6 Kxd7 42. a3 Rd4 43. Ke3 Rd1 44. axb4 Rh1 45. h3 gxh3 46. gxh3 Rxh3+ 47. Kd4 h4 48. Rh6 Rh1 49. c4 h3 50. Kc5 h2 51. b5 Rb1 52. Rxh2 Rxb3 53. Rh7+ Kc8 54. Kc6 Kb8 55. b6 1-0

[Event "Santa Clara Salado Cup-A"]
[Site "Santa Clara"]
[Date "2003.02.04"]
[Round "2"]
[White "Garcia Gomez, Ray"]
[Black "Fernandez Cardoso, Alexey"]
[Result "1-0"]
[WhiteElo "2198"]
[BlackElo "2373"]
[PlyCount "81"]
[EventDate "2003.02.03"]
[EventType "tourn"]
[EventRounds "13"]
[EventCountry "CUB"]
[EventCategory "1"]
[SourceTitle "EXT 2004"]
[Source "ChessBase"]
[SourceDate "2003.11.25"]
[SourceVersion "1"]
[SourceVersionDate "2003.11.25"]
[SourceQuality "1"]

1. e4 c5 2. Nf3 d6 3. Bb5+ Bd7 4. Bxd7+ Qxd7 5. c4 Nc6 6. d4 cxd4 7. Nxd4 Nf6 8. Nc3 g6 9. f3 Bg7 10. Be3 0-0 11. 0-0 Rfc8 12. b3 b6 13. Qd2 Qb7 14. a4 a6 15. Nxc6 Rxc6 16. Bd4 Rac8 17. Rfd1 Ne8 18. Bxg7 Nxg7 19. Qe3 Rc5 20. Nd5 Rb8 21. Rac1 Ne8 22. Rd3 e6 23. Nc3 Qe7 24. Rcd1 Qf6 25. Qd4 Qh4 26. Qf2 Qh5 27. f4 Rcc8 28. f5 Qh6 29. fxe6 fxe6 30. Rf1 Qg7 31. Rf3 Nc7 32. Rf7 Qxc3 33. Qh4 Qh8 34. Qh6 b5 35. h4 e5 36. h5 Ne6 37. hxg6 hxg6 38. Qxg6+ Ng7 39. R1f3 Qh7 40. Rxg7+ Qxg7 41. Qe6+ 1-0